Les 10 meilleurs buteurs de la coupe du monde 2002 - Statistiques

Statistiques générales
  • Ce quiz a été pris 59 fois
  • Le résultat moyen est 3 sur 10
Statistiques - réponses
Buts Joueur % Correct
8 Ronaldo
100%
5 Klose
69%
5 Rivaldo
52%
3 Ballack
29%
3 Raul
29%
3 Morientes
19%
4 Vieri
19%
4 Tomasson
10%
3 Wilmots
10%
3 Keane
2%
Aucun quiz correspondant
Distribution des résultats
% des personnes avec chaque résultat
Percentile par nombre de réponses
Votre historique - résultats
Vous n’avez pas pris ce quiz